000 00413nam a22001577a 4500
005 20251108171007.0
008 250721s9999 xx 000 0 ara d
082 1 4 _a920/زين
100 1 _aالغزالي، زينب
245 1 0 _aأيام من حياتي /
264 1 _aالقاهره :
_bدارالشروق،
_c[19-].
300 _a208ص
650 1 7 _aالتراجم
942 _2ddc
_cBK
999 _c53901
_d53901